000 00718nam a2200253 i 4500
001 bg
100 1 _aLeitner, Roman.
245 1 0 _aZarys matematyki wyższej dla studentów.
_nCz. 2 /
_cRoman Leitner.
250 _aWyd. 7 popr.
260 _aWarszawa :
_bWydawnictwa Naukowo-Techniczne,
_c1995.
300 _a479, [1] s. :
_brys., wykr. ;
_c24 cm.
504 _aIndeksy.
650 9 _aMatematyka
655 _aPodręczniki akademickie
020 _a832041833X (cz. 2)
020 _a8320418313 (całość)
040 _cBPK
041 0 _apl
080 _a51(075.8)
920 _a83-204-1833-X (cz. 2)
920 _a83-204-1831-3 (całość)
942 _cKS
008 s pl f |000 0 pol
999 _c25207
_d25207
856 _uhttp://koha.tu.koszalin.pl/cgi-bin/koha/opac-detail.pl?biblionumber=25207
_yKatalog online BPK